Cabot carbon blacks for rubber: Technical reports (Record no. 43382)

MARC details
000 -LEADER
fixed length control field 00284nam a2200109Ia 4500
082 ## - DEWEY DECIMAL CLASSIFICATION NUMBER
Classification number 678.0462.2
Item number CAB
245 #0 - TITLE STATEMENT
Title Cabot carbon blacks for rubber: Technical reports
260 ## - PUBLICATION, DISTRIBUTION, ETC. (IMPRINT)
Place of publication Boston
Name of publisher Cabot
650 ## - SUBJECT ADDED ENTRY--TOPICAL TERM
Topical Term Carbon black
942 ## - ADDED ENTRY ELEMENTS (KOHA)
Koha item type Books
Holdings
Withdrawn status Lost status Damaged status Not for loan Home library Current library Date acquired Source of acquisition Full call number Accession Number Koha item type
        RRII Library RRII Library 16/12/2021 Gift 678.0462.2 CAB G00105 Books